[Event "Landesklasse Ost 2015/2016"]
[Site "?"]
[Date "2015.11.08"]
[Round "3"]
[White "Wagner, Günther"]
[Black "Schlierf, Andre"]
[Result "1/2-1/2"]
[WhiteElo "1776"]
[BlackElo "1859"]
[PlyCount "39"]
[EventDate "2015.??.??"]
[WhiteTeam "SV Jenapharm Jena"]
[BlackTeam "Schachklub Weida"]

1. e4 c5 2. Nf3 Nc6 3. d4 cxd4 4. Nxd4 g6 5. Be3 Bg7 6. Nc3 Nf6 7. Be2 d6 8. h3
O-O 9. O-O Bd7 10. Qd2 Qc8 11. Kh2 Rd8 12. Rad1 Nxd4 13. Bxd4 Bc6 14. Bf3 e5
15. Be3 d5 16. exd5 e4 17. Nxe4 Nxd5 18. Qc1 Qc7+ 19. g3 Nxe3 20. fxe3 1/2-1/2

[Event "Landesklasse Ost 2015/2016"]
[Site "?"]
[Date "2015.11.08"]
[Round "3"]
[White "Künzel, Andre"]
[Black "Riedel, Hans-Joachim"]
[Result "1/2-1/2"]
[WhiteElo "1868"]
[BlackElo "1769"]
[PlyCount "32"]
[EventDate "2015.??.??"]
[WhiteTeam "Schachklub Weida"]
[BlackTeam "SV Jenapharm Jena"]

1. d4 d5 2. Nf3 Nf6 3. e3 Bf5 4. c4 c6 5. cxd5 Nxd5 6. Nc3 Nf6 7. Qb3 Qb6 8.
Bc4 e6 9. O-O Qxb3 10. Bxb3 Bb4 11. Bd2 Nbd7 12. Nb5 Bxd2 13. Nd6+ Ke7 14.
Nxf5+ exf5 15. Nxd2 Ne4 16. Nc4 Nb6 1/2-1/2

[Event "Landesklasse Ost 2015/2016"]
[Site "?"]
[Date "2015.11.08"]
[Round "3"]
[White "Skarus, Steffen"]
[Black "Schumann, Robert"]
[Result "1/2-1/2"]
[WhiteElo "1768"]
[BlackElo "1790"]
[PlyCount "52"]
[EventDate "2015.??.??"]
[WhiteTeam "SV Jenapharm Jena"]
[BlackTeam "Schachklub Weida"]

1. c4 c5 2. g3 g6 3. Bg2 Bg7 4. Nc3 Nc6 5. e3 e6 6. Nge2 Nge7 7. d4 cxd4 8.
Nxd4 O-O 9. Ndb5 Nf5 10. O-O a6 11. Nd6 Nxd6 12. Qxd6 Be5 13. Qd2 Qc7 14. b3 b6
15. Ba3 Rd8 16. Rad1 Bb7 17. f4 Bg7 18. Bd6 Qc8 19. Ne4 f5 20. Nc3 Na5 21. Bxb7
Nxb7 22. Na4 Nxd6 23. Qxd6 Bf8 24. Qxb6 Rb8 25. Qd4 d5 26. c5 Qc6 1/2-1/2

[Event "Landesklasse Ost 2015/2016"]
[Site "?"]
[Date "2015.11.08"]
[Round "3"]
[White "Heine, Robert"]
[Black "Hesse, Norbert"]
[Result "1/2-1/2"]
[WhiteElo "1573"]
[BlackElo "1715"]
[PlyCount "45"]
[EventDate "2015.??.??"]
[WhiteTeam "Schachklub Weida"]
[BlackTeam "SV Jenapharm Jena"]

1. d4 d5 2. Nf3 e6 3. e3 Nf6 4. Bd3 c5 5. c3 c4 6. Bc2 Nc6 7. Nbd2 Bd7 8. O-O
Be7 9. Re1 Rc8 10. e4 dxe4 11. Nxe4 Nxe4 12. Rxe4 f5 13. Re1 O-O 14. Ne5 Nxe5
15. dxe5 Bc6 16. f4 Qb6+ 17. Kh1 Rcd8 18. Qe2 Bh4 19. Rd1 Rxd1+ 20. Bxd1 Rd8
21. Be3 Qc7 22. Bd4 b6 23. Kg1 1/2-1/2

[Event "Landesklasse Ost 2015/2016"]
[Site "?"]
[Date "2015.11.08"]
[Round "3"]
[White "Asmykovich, Ihar"]
[Black "Wagner, Uwe"]
[Result "1/2-1/2"]
[WhiteElo "1669"]
[BlackElo "1713"]
[PlyCount "50"]
[EventDate "2015.??.??"]
[WhiteTeam "SV Jenapharm Jena"]
[BlackTeam "Schachklub Weida"]

1. d4 Nf6 2. c4 e6 3. Nf3 d5 4. g3 Be7 5. Bg2 O-O 6. O-O b6 7. Nc3 Bb7 8. Ne5
Nbd7 9. cxd5 Nxe5 10. dxe5 Nxd5 11. Qb3 Nxc3 12. Qxc3 Bxg2 13. Kxg2 Qd5+ 14. f3
c5 15. e4 Qb7 16. Be3 Rad8 17. Rad1 Qb8 18. h4 Rxd1 19. Rxd1 Rd8 20. Rh1 Rd7
21. Kf2 Qd8 22. Ke2 Qc8 23. a3 Qa6+ 24. Kf2 Rd3 25. Qc2 Qb5 1/2-1/2

[Event "Landesklasse Ost 2015/2016"]
[Site "?"]
[Date "2015.11.08"]
[Round "3"]
[White "Urban, Bernd"]
[Black "Reinsch, Martin"]
[Result "1-0"]
[WhiteElo "1739"]
[BlackElo "1647"]
[PlyCount "61"]
[EventDate "2015.??.??"]
[WhiteTeam "Schachklub Weida"]
[BlackTeam "SV Jenapharm Jena"]

1. c4 c5 2. Nc3 Nc6 3. Nf3 g6 4. e3 Bg7 5. d4 cxd4 6. exd4 d6 7. h3 a6 8. Be2
Nf6 9. d5 Na7 10. O-O O-O 11. Be3 Bd7 12. a4 b6 13. b3 Qc7 14. Rc1 Qb7 15. Nd4
Ne8 16. Bg5 f6 17. Be3 Nc7 18. Qd3 Rab8 19. Rfe1 Rfe8 20. Rb1 e5 21. dxe6 Nxe6
22. Bf3 Nc5 23. Qd2 Qc8 24. Bf4 Nc6 25. Rxe8+ Bxe8 26. Nxc6 Bxc6 27. Bxc6 Qxc6
28. Qxd6 Qxd6 29. Bxd6 Rc8 30. Nd5 Ne4 31. Ne7+ 1-0

[Event "Landesklasse Ost 2015/2016"]
[Site "?"]
[Date "2015.11.08"]
[Round "3"]
[White "Griechen, Harry"]
[Black "Heine, Mario"]
[Result "1/2-1/2"]
[WhiteElo "1626"]
[BlackElo "1784"]
[PlyCount "52"]
[EventDate "2015.??.??"]
[WhiteTeam "SV Jenapharm Jena"]
[BlackTeam "Schachklub Weida"]

1. b4 d6 2. Bb2 Nd7 3. e3 Ngf6 4. Nf3 c6 5. c4 a5 6. a3 e5 7. d3 e4 8. dxe4
Nxe4 9. Nc3 Nef6 10. Be2 Be7 11. O-O O-O 12. Qc2 Qc7 13. h3 Re8 14. Rfd1 Nf8
15. Ne4 Nxe4 16. Qxe4 Be6 17. Nd4 Bf6 18. Nxe6 Rxe6 19. Qc2 Bxb2 20. Qxb2 Re5
21. b5 cxb5 22. cxb5 Nd7 23. Qd4 Re6 24. Rac1 Nc5 25. Bc4 Rf6 26. Bd5 Re8
1/2-1/2

[Event "Landesklasse Ost 2015/2016"]
[Site "?"]
[Date "2015.11.08"]
[Round "3"]
[White "Lehmann, Volkhard"]
[Black "Koch, Herbert"]
[Result "1/2-1/2"]
[WhiteElo "1668"]
[BlackElo "1500"]
[PlyCount "79"]
[EventDate "2015.??.??"]
[WhiteTeam "Schachklub Weida"]
[BlackTeam "SV Jenapharm Jena"]

1. d4 e6 2. a3 Nf6 3. Bg5 h6 4. Bh4 Be7 5. e3 b6 6. c4 Ne4 7. Bxe7 Qxe7 8. Qg4
f5 9. Qh5+ Qf7 10. Qxf7+ Kxf7 11. f3 Nd6 12. Nc3 a5 13. Rd1 Ba6 14. Nb5 Ne8 15.
d5 exd5 16. cxd5 c6 17. dxc6 dxc6 18. Nd4 Bxf1 19. Kxf1 g6 20. Nge2 Nf6 21. Rc1
c5 22. Nb5 Na6 23. Kf2 Rhd8 24. Rhd1 Ke7 25. Nec3 Rxd1 26. Rxd1 Rd8 27. Rxd8
Kxd8 28. e4 fxe4 29. fxe4 Kd7 30. Kf3 Nc7 31. Kf4 Nxb5 32. Nxb5 Kc6 33. Nc3 Nd7
34. h4 b5 35. Nd5 b4 36. a4 c4 37. Ne3 Nb6 38. Ke5 Nxa4 39. Nxc4 Kb5 40. Kd4
1/2-1/2

[Event "Landesklasse Ost 2015/2016"]
[Site "?"]
[Date "2015.11.29"]
[Round "4"]
[White "Wagner, Günther"]
[Black "Kalisch, Michael"]
[Result "1/2-1/2"]
[WhiteElo "1776"]
[BlackElo "2072"]
[PlyCount "91"]
[EventDate "2015.??.??"]
[WhiteTeam "SV Jenapharm Jena"]
[BlackTeam "ESV Lok Sömmerda"]

1. e4 c6 2. d4 d5 3. e5 Bf5 4. Nf3 e6 5. Nc3 c5 6. Bd3 Bxd3 7. Qxd3 Nc6 8. dxc5
Bxc5 9. O-O a6 10. Bf4 Nge7 11. Rfe1 b5 12. Re2 Rc8 13. Rd1 h6 14. Red2 O-O 15.
Ne2 Qb6 16. Rf1 b4 17. c3 bxc3 18. bxc3 Na5 19. Ned4 Nc4 20. Re2 Qc7 21. h3 Bb6
22. Rb1 Rb8 23. Rb3 Rfc8 24. Re1 Na5 25. Ra3 Qc5 26. Ra4 Qxc3 27. Qxc3 Rxc3 28.
Bd2 Rc4 29. Rxa5 Bxd4 30. Rxa6 Bc5 31. Ra5 Nc6 32. Ra6 Ne7 33. a4 d4 34. Ra1
Kf8 35. Ra5 Bb4 36. Bxb4 Rcxb4 37. Kh2 Nd5 38. Rd1 Nc3 39. Rxd4 Rxd4 40. Nxd4
Rb2 41. Ra8+ Ke7 42. Ra7+ Ke8 43. f3 Rb4 44. Ra8+ Kd7 45. Ra7+ Ke8 46. Ra8+
1/2-1/2

[Event "Landesklasse Ost 2015/2016"]
[Site "?"]
[Date "2015.11.29"]
[Round "4"]
[White "Kühn, Martin"]
[Black "Riedel, Hans-Joachim"]
[Result "1-0"]
[WhiteElo "1912"]
[BlackElo "1769"]
[PlyCount "96"]
[EventDate "2015.??.??"]
[WhiteTeam "ESV Lok Sömmerda"]
[BlackTeam "SV Jenapharm Jena"]

1. d4 d5 2. c4 c6 3. Nf3 Nf6 4. e3 Bf5 5. Nc3 e6 6. Be2 dxc4 7. Bxc4 Be7 8. O-O
O-O 9. Re1 Nbd7 10. e4 Bg4 11. h3 Bxf3 12. Qxf3 Nb6 13. Bd3 Qxd4 14. e5 Nfd7
15. Re4 Nxe5 16. Rxd4 Nxf3+ 17. gxf3 Bf6 18. Re4 Rad8 19. Bc2 Nd5 20. Nxd5 exd5
21. Re2 Rfe8 22. Rxe8+ Rxe8 23. Kf1 b6 24. Rb1 c5 25. Bf4 b5 26. b3 Rd8 27. Re1
g5 28. Bc7 Rc8 29. Be5 Kg7 30. Bf5 Rc6 31. Bd7 Rb6 32. f4 gxf4 33. Bxf4 c4 34.
Be5 c3 35. Bxf6+ Kxf6 36. Ke2 b4 37. Kd3 Rd6 38. Bc8 d4 39. f4 a5 40. Bg4 Rd5
41. Bf3 Rd7 42. Be4 h6 43. Rg1 Rd8 44. Rg2 Ke6 45. Bh7 Kd5 46. Bf5 Re8 47. Re2
Rg8 48. Bg4 f6 1-0

[Event "Landesklasse Ost 2015/2016"]
[Site "?"]
[Date "2015.11.29"]
[Round "4"]
[White "Skarus, Steffen"]
[Black "Siegemund, Joachim"]
[Result "1/2-1/2"]
[WhiteElo "1768"]
[BlackElo "2018"]
[PlyCount "91"]
[EventDate "2015.??.??"]
[WhiteTeam "SV Jenapharm Jena"]
[BlackTeam "ESV Lok Sömmerda"]

1. c4 e5 2. g3 Nc6 3. Bg2 f5 4. Nc3 Nf6 5. d3 Be7 6. e3 O-O 7. Nge2 d6 8. O-O
Be6 9. Nd5 Bf7 10. Nec3 Qd7 11. Rb1 a5 12. Qa4 Ra6 13. Re1 Kh8 14. Bd2 Re8 15.
Nxe7 Qxe7 16. Nd5 Qd7 17. Nxf6 gxf6 18. f4 Re7 19. Bc3 d5 20. fxe5 fxe5 21. Qb5
Rb6 22. Qc5 dxc4 23. dxc4 Qd6 24. Qxd6 cxd6 25. Rbd1 Bxc4 26. b3 Bf7 27. Rxd6
a4 28. bxa4 Bxa2 29. Ra1 Rb3 30. Bd2 Rb2 31. a5 Rc2 32. a6 e4 33. Rxa2 Rxa2 34.
Bc3+ Kg8 35. Bf1 Rc2 36. Bc4+ Kf8 37. a7 Nxa7 38. Rd8+ Re8 39. Bb4+ Kg7 40.
Rxe8 Rxc4 41. Re7+ Kg6 42. Rxb7 Nc6 43. Bd6 Rc2 44. Rc7 h5 45. h4 Kf6 46. Bf4
1/2-1/2

[Event "Landesklasse Ost 2015/2016"]
[Site "?"]
[Date "2015.11.29"]
[Round "4"]
[White "Koksch, Robert"]
[Black "Hesse, Norbert"]
[Result "1/2-1/2"]
[WhiteElo "1874"]
[BlackElo "1715"]
[PlyCount "34"]
[EventDate "2015.??.??"]
[WhiteTeam "ESV Lok Sömmerda"]
[BlackTeam "SV Jenapharm Jena"]

1. d4 d5 2. c4 c6 3. Nc3 Nf6 4. Nf3 e6 5. Bg5 h6 6. Bh4 Be7 7. e3 O-O 8. Rc1
Nbd7 9. Bd3 dxc4 10. Bxc4 b5 11. Bd3 Bb7 12. O-O Rc8 13. Qe2 a6 14. Rcd1 Nd5
15. Bxe7 Qxe7 16. Nxd5 cxd5 17. Bb1 Nf6 1/2-1/2

[Event "Landesklasse Ost 2015/2016"]
[Site "?"]
[Date "2015.11.29"]
[Round "4"]
[White "Asmykovich, Ihar"]
[Black "Kirste, Olaf"]
[Result "1-0"]
[WhiteElo "1669"]
[BlackElo "1934"]
[PlyCount "89"]
[EventDate "2015.??.??"]
[WhiteTeam "SV Jenapharm Jena"]
[BlackTeam "ESV Lok Sömmerda"]

1. d4 g6 2. e4 d6 3. Bd3 Bg7 4. Nf3 c6 5. O-O Qc7 6. Re1 e5 7. c3 Nf6 8. Nbd2
O-O 9. Nf1 Nh5 10. a4 Qe7 11. Bg5 f6 12. Bh4 Kh8 13. Ne3 Nf4 14. Nc4 g5 15. Bg3
Rg8 16. dxe5 dxe5 17. Ne3 Rd8 18. Bxf4 gxf4 19. Nf5 Bxf5 20. exf5 Na6 21. Qe2
Nc7 22. Rad1 Qe8 23. Bc4 Nd5 24. a5 Rd7 25. Nd4 Qd8 26. Ne6 Qxa5 27. Qh5 b5 28.
Nc5 bxc4 29. Nxd7 Rd8 30. Ra1 Qc7 31. Nc5 Rg8 32. Ra6 Ne7 33. Rd1 Nd5 34. Rda1
Qd6 35. Ne6 f3 36. Rxa7 Nf4 37. Nxf4 exf4 38. Qxf3 Qe5 39. Ra8 Bf8 40. Qh5 Bd6
41. Rxg8+ Kxg8 42. Ra8+ Bb8 43. Qd1 Qc7 44. Qe2 f3 45. Qe8+ 1-0

[Event "Landesklasse Ost 2015/2016"]
[Site "?"]
[Date "2015.11.29"]
[Round "4"]
[White "Böhnke, Hartmut"]
[Black "Reinsch, Martin"]
[Result "1-0"]
[WhiteElo "1756"]
[BlackElo "1647"]
[PlyCount "91"]
[EventDate "2015.??.??"]
[WhiteTeam "ESV Lok Sömmerda"]
[BlackTeam "SV Jenapharm Jena"]

1. b4 Nf6 2. Bb2 e6 3. b5 Be7 4. c4 O-O 5. Nf3 d5 6. e3 c6 7. a4 dxc4 8. Bxc4
cxb5 9. axb5 Nbd7 10. Nc3 Nb6 11. Be2 Bd7 12. O-O Nbd5 13. Ne5 Nxc3 14. Bxc3
Be8 15. Qa4 Qb6 16. Ba5 Qd6 17. d4 a6 18. Qb3 Bxb5 19. Bxb5 axb5 20. Qxb5 Qd5
21. Qxd5 Nxd5 22. Rfb1 b6 23. Bd2 Rxa1 24. Rxa1 Rc8 25. g3 f6 26. Nd3 b5 27.
Rb1 Rb8 28. e4 Nc7 29. Bf4 Bd8 30. Nc5 Kf7 31. d5 e5 32. Bd2 Be7 33. Nb3 Na6
34. Na5 Nc5 35. Nc6 Rb7 36. Bb4 Bf8 37. Nd8+ Ke8 38. Nxb7 Nxb7 39. Bxf8 Kxf8
40. Rxb5 Nd6 41. Rb4 Kf7 42. g4 g6 43. Ra4 f5 44. f3 fxe4 45. fxe4 h6 46. Kf2
1-0

[Event "Landesklasse Ost 2015/2016"]
[Site "?"]
[Date "2015.11.29"]
[Round "4"]
[White "Griechen, Harry"]
[Black "Severino, Leonardo"]
[Result "0-1"]
[WhiteElo "1626"]
[BlackElo "1713"]
[PlyCount "74"]
[EventDate "2015.??.??"]
[WhiteTeam "SV Jenapharm Jena"]
[BlackTeam "ESV Lok Sömmerda"]

1. b4 d5 2. Bb2 Bf5 3. e3 Nd7 4. c4 c6 5. Nf3 e6 6. a3 Ngf6 7. Be2 Bd6 8. O-O
O-O 9. d3 Qe7 10. Nbd2 e5 11. cxd5 cxd5 12. Rc1 Rac8 13. Qb3 Bb8 14. Ba1 Qd6
15. g3 Bg4 16. Qb2 h5 17. Nb3 b6 18. Ng5 h4 19. Bxg4 Nxg4 20. Qe2 Nh6 21. Nd2
Qg6 22. Ngf3 hxg3 23. fxg3 e4 24. dxe4 dxe4 25. Nh4 Qe6 26. Qg2 f5 27. Bd4 Ne5
28. Bxe5 Bxe5 29. Qe2 Bb2 30. Rxc8 Rxc8 31. Nb1 Qb3 32. Nxf5 Nxf5 33. Rxf5 Rc1+
34. Rf1 Rc2 35. Qe1 Rc1 36. Qd2 Rxf1+ 37. Kxf1 Qf7+ 0-1

[Event "Landesklasse Ost 2015/2016"]
[Site "?"]
[Date "2015.11.29"]
[Round "4"]
[White "Vogel, Alfred"]
[Black "Koch, Herbert"]
[Result "0-1"]
[WhiteElo "1719"]
[BlackElo "1470"]
[PlyCount "64"]
[EventDate "2015.??.??"]
[WhiteTeam "ESV Lok Sömmerda"]
[BlackTeam "SV Jenapharm Jena"]

1. e4 e6 2. d4 c5 3. d5 exd5 4. exd5 d6 5. Nf3 Nf6 6. c4 h6 7. Bd3 Be7 8. O-O
Nbd7 9. h3 Qc7 10. Nc3 a6 11. Re1 Ne5 12. Qe2 Nxd3 13. Qxd3 O-O 14. Bf4 Nh5 15.
Bh2 g6 16. Qe3 Bf6 17. Qxh6 Bg7 18. Qd2 Nf6 19. Qf4 Rd8 20. Re2 Ne8 21. Rae1
Bd7 22. Re7 Bf6 23. Rxe8+ Rxe8 24. Qxf6 Rxe1+ 25. Nxe1 Re8 26. Nf3 Qb6 27. Bxd6
Bf5 28. Ng5 Re1+ 29. Kh2 Be6 30. Na4 Qxd6+ 31. g3 Rh1+ 32. Kxh1 Bxd5+ 0-1

[Event "Landesklasse Ost 2015/2016"]
[Site "?"]
[Date "2015.11.29"]
[Round "4"]
[White "Pichl, Michael"]
[Black "Buring, Matthias"]
[Result "0-1"]
[WhiteElo "1961"]
[BlackElo "2055"]
[PlyCount "48"]
[EventDate "2015.??.??"]
[WhiteTeam "SV Empor Erfurt"]
[BlackTeam "SG Arnstadt-Stadtilm"]

1. g3 d5 2. Bg2 e6 3. Nf3 f5 4. O-O Nf6 5. d3 Bc5 6. Nbd2 O-O 7. c3 a5 8. Qc2
b6 9. e4 fxe4 10. dxe4 Ba6 11. c4 Nc6 12. b3 Nb4 13. Qb1 dxc4 14. bxc4 Ng4 15.
e5 Nxf2 16. Rxf2 Bxf2+ 17. Kxf2 Qd4+ 18. Ke2 Bxc4+ 19. Nxc4 Qxc4+ 20. Kf2 Nc2
21. Be3 Nxa1 22. Qxa1 Qc2+ 23. Kg1 Rad8 24. Nd4 Qd3 0-1

[Event "Landesklasse Ost 2015/2016"]
[Site "?"]
[Date "2015.11.29"]
[Round "4"]
[White "Sauer, Marko"]
[Black "Taudte, Stefan"]
[Result "1-0"]
[WhiteElo "2043"]
[BlackElo "1946"]
[PlyCount "81"]
[EventDate "2015.??.??"]
[WhiteTeam "SG Arnstadt-Stadtilm"]
[BlackTeam "SV Empor Erfurt"]

1. e4 e6 2. d4 d5 3. Nd2 Nc6 4. Ngf3 Nf6 5. e5 Nd7 6. c3 f6 7. exf6 Qxf6 8. Bb5
Bd6 9. O-O O-O 10. Nb3 h6 11. Be3 Ne7 12. Qd2 c6 13. Bd3 Ng6 14. Rfe1 e5 15.
dxe5 Ngxe5 16. Nxe5 Bxe5 17. Bd4 Bxd4 18. cxd4 Nb6 19. Re5 Nc4 20. Bxc4 dxc4
21. Nc5 b6 22. Ne4 Qg6 23. Qc3 Be6 24. Re1 Bd5 25. Qe3 Rad8 26. Ng3 b5 27. a3
a5 28. Qd2 Ra8 29. f4 Qd3 30. Qf2 b4 31. Re7 Rf7 32. R1e3 Qb1+ 33. Re1 Qg6 34.
f5 Qg5 35. R7e5 c3 36. axb4 axb4 37. bxc3 bxc3 38. Ne4 Bxe4 39. R5xe4 Rxf5 40.
Re8+ Rf8 41. Qxf8+ 1-0

[Event "Landesklasse Ost 2015/2016"]
[Site "?"]
[Date "2015.11.29"]
[Round "4"]
[White "Strauch, Martin"]
[Black "Zeising, Benjamin"]
[Result "1-0"]
[WhiteElo "1766"]
[BlackElo "1821"]
[PlyCount "91"]
[EventDate "2015.??.??"]
[WhiteTeam "SV Empor Erfurt"]
[BlackTeam "SG Arnstadt-Stadtilm"]

1. e4 e6 2. Nf3 d5 3. Nc3 Nf6 4. e5 Nfd7 5. d4 c5 6. Be2 Nc6 7. dxc5 Ndxe5 8.
Nxe5 Nxe5 9. Be3 Nc6 10. Bb5 a6 11. Bxc6+ bxc6 12. O-O Be7 13. Na4 Bf6 14. Bd4
O-O 15. Nb6 Rb8 16. Nxc8 Bxd4 17. Qxd4 Qxc8 18. b4 Rb7 19. a3 f6 20. Rfe1 e5
21. Qd3 Qa8 22. c4 d4 23. Rab1 Rc7 24. Re4 a5 25. f4 axb4 26. axb4 Re7 27. b5
cxb5 28. cxb5 Qd5 29. c6 Ra8 30. Qb3 Qxb3 31. Rxb3 d3 32. Rxd3 Rb8 33. Rb3 Rc7
34. fxe5 Rxc6 35. bxc6 Rxb3 36. exf6 Rc3 37. Re8+ Kf7 38. fxg7 Kxg7 39. Re7+
Kg6 40. c7 h5 41. Kf2 h4 42. Ke1 h3 43. g3 Kf5 44. Kd2 Rc6 45. Kd3 Kg4 46. Re4+
1-0

[Event "Landesklasse Ost 2015/2016"]
[Site "?"]
[Date "2015.11.29"]
[Round "4"]
[White "Riedel, Erich"]
[Black "Streichardt, Niklas"]
[Result "1-0"]
[WhiteElo "1742"]
[BlackElo "1682"]
[PlyCount "47"]
[EventDate "2015.??.??"]
[WhiteTeam "SG Arnstadt-Stadtilm"]
[BlackTeam "SV Empor Erfurt"]

1. Nc3 e5 2. Nf3 Nc6 3. d4 exd4 4. Nxd4 Bc5 5. Be3 Bb4 6. Nxc6 Bxc3+ 7. bxc3
dxc6 8. Qxd8+ Kxd8 9. Bd4 f6 10. O-O-O Bd7 11. e4 b6 12. Bc4 Ke8 13. e5 c5 14.
exf6 gxf6 15. Rhe1+ Kd8 16. Bxc5 bxc5 17. Be6 Nh6 18. Rxd7+ Ke8 19. Rxc7 Kf8
20. Bd5 Rd8 21. c4 a6 22. Re6 Ng8 23. Re4 h5 24. Rf7# 1-0

[Event "Landesklasse Ost 2015/2016"]
[Site "?"]
[Date "2015.11.29"]
[Round "4"]
[White "Michalowski, Peter"]
[Black "Jank, Kevin"]
[Result "1-0"]
[WhiteElo "2010"]
[BlackElo "1728"]
[PlyCount "53"]
[EventDate "2015.??.??"]
[WhiteTeam "SV Empor Erfurt"]
[BlackTeam "SG Arnstadt-Stadtilm"]

1. e4 e5 2. Nf3 d6 3. d4 exd4 4. Nxd4 Nf6 5. Nc3 Nc6 6. Be2 Bd7 7. O-O Be7 8.
f4 O-O 9. Bf3 Nxd4 10. Qxd4 Bc6 11. b3 Nd7 12. Nd5 Bxd5 13. Qxd5 Bf6 14. Rb1
Rb8 15. Be3 Nb6 16. Qd2 Nc8 17. Rbd1 b6 18. g4 g6 19. g5 Bg7 20. f5 f6 21. fxg6
hxg6 22. Bg4 fxg5 23. Qd5+ Kh7 24. Bxg5 c6 25. Rxf8 Qxf8 26. Qd3 Be5 27. Qh3+
1-0

[Event "Landesklasse Ost 2015/2016"]
[Site "?"]
[Date "2015.11.29"]
[Round "4"]
[White "Thiemann, Jürgen"]
[Black "Rudolf, Robby"]
[Result "1-0"]
[WhiteElo "1692"]
[BlackElo "1501"]
[PlyCount "49"]
[EventDate "2015.??.??"]
[WhiteTeam "SV Empor Erfurt"]
[BlackTeam "SG Arnstadt-Stadtilm"]

1. d4 d5 2. c4 e6 3. Nc3 Nf6 4. Bg5 Be7 5. e3 Nbd7 6. Rc1 b6 7. cxd5 Nxd5 8.
Bxe7 Nxe7 9. Nb5 c6 10. Nd6+ Kf8 11. Nf3 Nf6 12. Nxc8 Rxc8 13. Bd3 Qd5 14. a3
g6 15. O-O c5 16. Bc4 Qf5 17. dxc5 Qxc5 18. Ba6 Qxc1 19. Qxc1 Rxc1 20. Rxc1 Ne8
21. Nd4 Kg7 22. Nb5 Nf6 23. Nxa7 Ra8 24. Rc7 Rd8 25. Rxe7 1-0

[Event "Landesklasse Ost 2015/2016"]
[Site "?"]
[Date "2015.11.29"]
[Round "4"]
[White "Bächer, Reinhard"]
[Black "Heinke, Jasper"]
[Result "0-1"]
[WhiteElo "1800"]
[BlackElo "1806"]
[PlyCount "44"]
[EventDate "2015.??.??"]
[WhiteTeam "SG Arnstadt-Stadtilm"]
[BlackTeam "SV Empor Erfurt"]

1. e4 e6 2. d4 d5 3. Nd2 Nf6 4. e5 Nfd7 5. Bd3 c5 6. c3 Nc6 7. Ne2 cxd4 8. cxd4
Qb6 9. Nf3 f6 10. exf6 Nxf6 11. O-O Bd6 12. a3 O-O 13. Qc2 e5 14. dxe5 Nxe5 15.
Nxe5 Bxe5 16. Rb1 Bxh2+ 17. Kh1 Ng4 18. f3 Be5 19. Nc3 Ne3 20. Bxe3 Qxe3 21.
Ne2 Rf6 22. g3 Rh6+ 0-1

[Event "Landesklasse Ost 2015/2016"]
[Site "?"]
[Date "2015.11.29"]
[Round "4"]
[White "Sack, Matthias"]
[Black "Weiß, Thomas"]
[Result "1-0"]
[WhiteElo "1962"]
[BlackElo "1912"]
[PlyCount "52"]
[EventDate "2015.??.??"]
[WhiteTeam "SV Hermsdorf"]
[BlackTeam "SSV Vimaria 91 Weimar"]

1. e4 e6 2. d4 d5 3. Nd2 Nf6 4. e5 Nfd7 5. Bd3 c5 6. c3 Nc6 7. Ne2 cxd4 8. cxd4
f6 9. Nf4 fxe5 10. Nxe6 Qf6 11. Nc7+ Kd8 12. Nxd5 Qe6 13. Be4 Nxd4 14. Nb3 Nxb3
15. Bg5+ Nf6 16. Nxf6+ Nd4 17. Nd5+ Kd7 18. Qa4+ b5 19. Qa5 Bd6 20. Rc1 Qg4 21.
Rc7+ Ke6 22. Nc3 Qxg5 23. Bd5+ Kf5 24. Ne4 Bb4+ 25. Qxb4 Qd8 26. g4+ Kg6 1-0

[Event "Landesklasse Ost 2015/2016"]
[Site "?"]
[Date "2015.11.29"]
[Round "4"]
[White "Anschütz, Mario"]
[Black "Hadlich, Gerald"]
[Result "1-0"]
[WhiteElo "1868"]
[BlackElo "1808"]
[PlyCount "57"]
[EventDate "2015.??.??"]
[WhiteTeam "SSV Vimaria 91 Weimar"]
[BlackTeam "SV Hermsdorf"]

1. d4 d5 2. c4 c6 3. Nc3 dxc4 4. a4 Nf6 5. e3 Bf5 6. Bxc4 e6 7. Nge2 Nbd7 8. f3
Nb6 9. Ba2 a5 10. e4 Bg6 11. Nf4 Nh5 12. O-O Nxf4 13. Bxf4 Bb4 14. Be3 O-O 15.
Qb3 Nd7 16. Rad1 Qe7 17. Rf2 h6 18. Ne2 Rfe8 19. Nf4 Bh7 20. Nd3 c5 21. Nxb4
cxb4 22. Rc2 Rec8 23. Rdc1 Qd8 24. d5 Rxc2 25. Qxc2 Nb6 26. dxe6 Rc8 27. exf7+
Kh8 28. Qd1 Rxc1 29. Qxc1 1-0

[Event "Landesklasse Ost 2015/2016"]
[Site "?"]
[Date "2015.11.29"]
[Round "4"]
[White "Schulz, Phillip"]
[Black "Plontke, Ingo"]
[Result "1-0"]
[WhiteElo "1718"]
[BlackElo "1855"]
[PlyCount "99"]
[EventDate "2015.??.??"]
[WhiteTeam "SV Hermsdorf"]
[BlackTeam "SSV Vimaria 91 Weimar"]

1. d4 f5 2. g3 Nf6 3. Bg2 g6 4. Nf3 Bg7 5. O-O O-O 6. c4 d6 7. Nc3 Qe8 8. d5
Na6 9. Nd4 Nc5 10. Ncb5 Qd8 11. Rb1 e5 12. dxe6 a5 13. Bf4 Nh5 14. Bc1 c6 15.
Nc3 Bxe6 16. Nxe6 Nxe6 17. e3 Nc5 18. Qc2 Qf6 19. Bf3 Qe6 20. Nb5 Rf7 21. Nd4
Qd7 22. Rd1 Nf6 23. b3 Nce4 24. Bb2 Rc8 25. Rbc1 Re8 26. a3 Ng4 27. Rf1 Bh6 28.
Bxg4 fxg4 29. Kg2 Qe7 30. Rce1 Ref8 31. Re2 Bg7 32. b4 axb4 33. axb4 h5 34. b5
c5 35. Nb3 Bxb2 36. Qxb2 h4 37. Qc2 Kh7 38. Qd3 Rf3 39. Nd2 Nxg3 40. hxg3 Qe5
41. Qe4 Rxg3+ 42. fxg3 Qxg3+ 43. Kh1 Rxf1+ 44. Nxf1 Qh3+ 45. Kg1 g3 46. Qxb7+
Kh6 47. Qg2 Qg4 48. Rc2 Qf5 49. Rb2 Qe5 50. b6 1-0

[Event "Landesklasse Ost 2015/2016"]
[Site "?"]
[Date "2015.11.29"]
[Round "4"]
[White "Vogel, Steffen"]
[Black "Bülau, Daniel"]
[Result "1-0"]
[WhiteElo "1803"]
[BlackElo "1622"]
[PlyCount "53"]
[EventDate "2015.??.??"]
[WhiteTeam "SSV Vimaria 91 Weimar"]
[BlackTeam "SV Hermsdorf"]

1. d4 d5 2. c4 e6 3. Nc3 Nf6 4. Bg5 Be7 5. e3 O-O 6. Nf3 Nbd7 7. Qc2 b6 8. cxd5
exd5 9. Be2 Bb7 10. O-O Rc8 11. Nb5 a6 12. Na7 Ra8 13. Nc6 Bxc6 14. Qxc6 Bd6
15. Qc2 c5 16. Qf5 Re8 17. Bd3 c4 18. Bc2 Qc7 19. Bh4 h6 20. Bg3 Bxg3 21. hxg3
b5 22. Rfe1 Qc6 23. Re2 Re7 24. g4 Ne4 25. g5 hxg5 26. Nxg5 Qf6 27. Qh7+ 1-0

[Event "Landesklasse Ost 2015/2016"]
[Site "?"]
[Date "2015.11.29"]
[Round "4"]
[White "Baulig, Manuel"]
[Black "Mitter, Frank"]
[Result "1/2-1/2"]
[WhiteElo "1710"]
[BlackElo "1767"]
[PlyCount "69"]
[EventDate "2015.??.??"]
[WhiteTeam "SV Hermsdorf"]
[BlackTeam "SSV Vimaria 91 Weimar"]

1. d4 d5 2. Nf3 Nf6 3. c4 e6 4. Nc3 Be7 5. e3 O-O 6. Bd3 dxc4 7. Bxc4 Nbd7 8.
O-O c5 9. b3 cxd4 10. Nxd4 a6 11. Bb2 Nb6 12. Be2 Nbd5 13. Nxd5 Nxd5 14. Rc1 e5
15. Nf3 e4 16. Nd4 Bd7 17. Qc2 Nf6 18. Qc7 Qb8 19. Nf5 Bd8 20. Qxb8 Rxb8 21.
Nd6 Bc6 22. Rc4 Bd5 23. Rc5 Bb6 24. Rc2 Rfd8 25. Be5 Ra8 26. Rd1 Bc6 27. Bc4
Rd7 28. b4 Rad8 29. Bb3 Ne8 30. Rcd2 Nxd6 31. Rxd6 Rxd6 32. Rxd6 Rxd6 33. Bxd6
g6 34. Kf1 Bd8 35. Ke2 1/2-1/2

[Event "Landesklasse Ost 2015/2016"]
[Site "?"]
[Date "2015.11.29"]
[Round "4"]
[White "Lieke, Arno"]
[Black "Sperhake, Franz"]
[Result "0-1"]
[WhiteElo "1641"]
[BlackElo "1750"]
[PlyCount "36"]
[EventDate "2015.??.??"]
[WhiteTeam "SSV Vimaria 91 Weimar"]
[BlackTeam "SV Hermsdorf"]

1. d4 d5 2. c4 e6 3. Nf3 Nf6 4. Bg5 Be7 5. Qb3 c6 6. Nc3 Nbd7 7. e3 O-O 8. Bd3
dxc4 9. Bxc4 b5 10. Bd3 a6 11. Qc2 c5 12. Bxf6 Nxf6 13. Ne4 cxd4 14. Nxd4 Bb4+
15. Nd2 Bb7 16. O-O Rc8 17. Qd1 e5 18. Nc2 Bxd2 0-1